| 000 | 00686nam a2200229 a 4500 | ||
|---|---|---|---|
| 003 | SISC | ||
| 005 | 20160610153322.0 | ||
| 008 | 110822s19uu xx 00 eng d | ||
| 020 | _a9780495602941 | ||
| 050 |
_aHA 29 _b.G726 2009 |
||
| 100 | _aGravetter, Frederick J. | ||
| 245 |
_aStatistics for the behavioral sciences / _cFrederick Gravetter; larry Wallnu. |
||
| 250 | _a8th edition. | ||
| 260 |
_aAustralia : _bWadsworth, _c2009. |
||
| 300 |
_a783 pages : _billustrations ; _c26 cm. |
||
| 500 | _aIncludes bibliographical references and index. | ||
| 650 | _aPsychometrics. | ||
| 650 | _aStatistics. | ||
| 700 | _aWallnau, Larry. | ||
| 942 |
_cBK _2lcc _kFOR |
||
| 999 |
_c24607 _d24607 |
||